<?xml version="1.0" encoding="UTF-8"?><collection xmlns="info:lc/xmlns/marcxchange-v2"><record format="Unimarc" type="bibliographic"><leader>00962cam  2200277   450 </leader><controlfield tag="001">1706022</controlfield><controlfield tag="003">http://id.bnportugal.gov.pt/bib/porbase/1706022</controlfield><controlfield tag="005">20030626083400.0</controlfield><datafield ind1=" " ind2=" " tag="010"><subfield code="a">0-12-215502-5</subfield></datafield><datafield ind1=" " ind2=" " tag="035"><subfield code="9">30022</subfield></datafield><datafield ind1=" " ind2=" " tag="095"><subfield code="a">PTBN00944361</subfield></datafield><datafield ind1=" " ind2=" " tag="100"><subfield code="a">19771221f19771970k  y0pory0103    ba</subfield></datafield><datafield ind1="1" ind2=" " tag="101"><subfield code="a">eng</subfield><subfield code="c">fre</subfield></datafield><datafield ind1=" " ind2=" " tag="102"><subfield code="a">US</subfield></datafield><datafield ind1="1" ind2=" " tag="200"><subfield code="a">Treatise on analysis</subfield></datafield><datafield ind1=" " ind2=" " tag="210"><subfield code="a">New York</subfield><subfield code="c">Academic Press</subfield><subfield code="d">1970-1977</subfield></datafield><datafield ind1=" " ind2=" " tag="215"><subfield code="a">4 vols</subfield></datafield><datafield ind1="2" ind2=" " tag="225"><subfield code="a">Pure and applied mathematics</subfield><subfield code="v">10-II;10-III;10-IV;10-V</subfield></datafield><datafield ind1=" " ind2=" " tag="675"><subfield code="a">512.81</subfield><subfield code="v">med</subfield><subfield code="z">eng</subfield><subfield code="3">331447</subfield></datafield><datafield ind1=" " ind2=" " tag="675"><subfield code="a">515.14</subfield><subfield code="v">med</subfield><subfield code="z">eng</subfield><subfield code="3">304740</subfield></datafield><datafield ind1=" " ind2=" " tag="675"><subfield code="a">517</subfield><subfield code="v">med</subfield><subfield code="z">eng</subfield><subfield code="3">288919</subfield></datafield><datafield ind1=" " ind2="1" tag="700"><subfield code="a">Dieudonné</subfield><subfield code="b">Jean</subfield><subfield code="3">127171</subfield></datafield><datafield ind1=" " ind2="0" tag="801"><subfield code="a">PT</subfield><subfield code="b">BN</subfield><subfield code="g">RPC</subfield></datafield><datafield ind1=" " ind2=" " tag="977"><subfield code="1">58-01/DIE.Tre/V.2</subfield><subfield code="2">coop</subfield><subfield code="4">UCMA</subfield><subfield code="6">efalt222820</subfield><subfield code="7">bc</subfield><subfield code="8">coop</subfield><subfield code="9">UCMA</subfield><subfield code="b">1606</subfield><subfield code="k">0</subfield></datafield><datafield ind1=" " ind2=" " tag="977"><subfield code="1">58-01/DIE.Tre/V.3</subfield><subfield code="2">coop</subfield><subfield code="3">2</subfield><subfield code="4">UCMA</subfield><subfield code="6">efalt222821</subfield><subfield code="7">bc</subfield><subfield code="8">coop</subfield><subfield code="9">UCMA</subfield><subfield code="b">8960</subfield><subfield code="d">V.3</subfield><subfield code="k">0</subfield></datafield><datafield ind1=" " ind2=" " tag="977"><subfield code="1">58-01/DIE.Tre/V.4</subfield><subfield code="2">coop</subfield><subfield code="3">2</subfield><subfield code="4">UCMA</subfield><subfield code="6">efalt222822</subfield><subfield code="7">bc</subfield><subfield code="8">coop</subfield><subfield code="9">UCMA</subfield><subfield code="b">10188</subfield><subfield code="d">V.4</subfield><subfield code="k">0</subfield></datafield><datafield ind1=" " ind2=" " tag="977"><subfield code="1">58-01/DIE.Tre/V.5</subfield><subfield code="2">coop</subfield><subfield code="3">2</subfield><subfield code="4">UCMA</subfield><subfield code="6">efalt222823</subfield><subfield code="7">bc</subfield><subfield code="8">coop</subfield><subfield code="9">UCMA</subfield><subfield code="b">11089</subfield><subfield code="d">V.5</subfield><subfield code="k">0</subfield></datafield><datafield ind1=" " ind2=" " tag="998"><subfield code="a">CMA19-1238</subfield></datafield></record></collection>